000
00146 a2200073 4500
020
_a
0868128503
082
_a
0020207142
245
_a
Die stiller stroom
999
_c
793210
_d
793209
942
_w
13411
_x
Bongani Makatu
_y
13411
_z
Bongani Makatu